Statistics for Category Elimination - Countries #4

Click here to take the quiz!

General Stats

  • This quiz has been taken 41,737 times
  • The average score is 15 of 20

Answer Stats

Group # Category % Correct
Green73Countries with fewer people than Ireland
99%
Green60... with a smaller land area than Ireland
98%
Yellow144Countries with white on their national flag
94%
Green11... in the Americas
92%
Blue157Countries whose capital is north of the equator
91%
Blue35... which are landlocked
89%
Yellow56... with fewer than 5 million people
89%
Yellow14... that are in Europe
87%
Pink103Countries in Asia or Africa*
86%
Green5... ending with the letter A
85%
Pink42... with blue on their national flag
83%
Pink26... a land area over 100,000 km²
80%
Blue17... have a minimum elevation below 100m
71%
Pink8... a population of more than 50 million
71%
Yellow5... with black on their national flag
70%
Blue9... have a land area less than 50,000 km²
54%
Green1... and a maximum elevation over 2000mJamaica
50%
Yellow1... and start with a vowelEstonia
49%
Pink1... and is an island countryPhilippines
49%
Blue1... that lie outside EuropeBhutan
23%

Score Distribution

Percentile by Number Answered

Percent of People with Each Score

Your Score History

You have not taken this quiz